| 000 | 00581nam a2200241Ia 4500 | ||
|---|---|---|---|
| 003 | OSt | ||
| 005 | 20221005122601.0 | ||
| 006 | a|||||r|||| 00| 0 | ||
| 007 | ta | ||
| 008 | 221004b |||||||| |||| 00| 0 guj d | ||
| 024 | _a40631 | ||
| 037 | _cTextual | ||
| 040 |
_aCRL _cCRL _bguj |
||
| 041 |
_2guj _aguj |
||
| 082 | _aO156wM85:g, K1 | ||
| 100 | _aJoshi | ||
| 245 | 0 | _aKalelkar adhyan giranth | |
| 260 | _c1961 | ||
| 300 |
_a519p. _ccm. |
||
| 650 | _aGUJRATI LITERATURE | ||
| 942 |
_hO156wM85:g, K1 _cTEXL _2cc |
||
| 999 |
_c1044716 _d1044716 |
||